Το κείμενο και ο σωσίας του
Saved in:
| Main Author: | |
|---|---|
| Format: | Book |
| Language: | Greek |
| Published: |
[Αθήνα] :
Ψυχογιός,
[2003]
|
| Series: | Επιστήμες του ανθρώπου (Ψυχογιός) ;
; 18 |
| Subjects: | |
| Tags: |
Add Tag
No Tags, Be the first to tag this record!
|
MARC
| LEADER | 00000nam a2200000 i 4500 | ||
|---|---|---|---|
| 001 | 1/53739 | ||
| 008 | 070903s gre d | ||
| 020 | |a 960-274-706-4 | ||
| 035 | |l 10090369 | ||
| 040 | |a GR-MY-UA |b gre |e aacr | ||
| 041 | 0 | |a gre | |
| 082 | 0 | |a 809.03 |2 (22) | |
| 100 | 1 | |a Ροζάνης, Στέφανος, |d 1942- | |
| 245 | 1 | 3 | |a Το κείμενο και ο σωσίας του / |c Στέφανος Ροζάνης |
| 260 | |a [Αθήνα] : |b Ψυχογιός, |c [2003] | ||
| 300 | |a xi, 209 σ.; |c 21 εκ. | ||
| 490 | 1 | |a Επιστήμες του ανθρώπου |v ; 18 | |
| 650 | 0 | 0 | |a Literature, Modern |x History and criticism. |
| 650 | 0 | 0 | |a Greek literature, Modern |x History and criticism. |
| 830 | 0 | |a Επιστήμες του ανθρώπου (Ψυχογιός) ; |v ; 18 | |
| 852 | |a INST |b RHODES |e 20070903 |h 809.03 ΡΟΖ |p 005400026059 |q 005400026059 |t BK |y 0 | ||
| 901 | |a BIBL4-2007-3 | ||
| 909 | |a Ρ |b 136363 | ||
| 922 | |a 4ΕΛΗ |b 200707 |c ΕΠΕΑΕΚ2/ΠΤΔΕ |d Σ. ΠΑΤΑΚΗΣ | ||
| 970 | |a ΧΑΡΙΟΠΟΛΙΤΟΥ |b ΚΩΝΣΤΑΝΤΙΝΑ |z 2007/09/03 | ||